| 000 | 00000nam 2200000zi 4500 |
| 001 | 9.947179 |
| 003 | CaOODSP |
| 005 | 20250312083426 |
| 006 | m o d f |
| 007 | cr bn||||||||| |
| 008 | 240621e199006##onc o f00| 0|eng d |
| 040 | |aCaOODSP|beng|erda|cCaOODSP |
| 043 | |an-cn--- |
| 086 | 1 |aCo24-3/10-6-1990E-PDF |
| 245 | 00|aSpecial study of "Communications express", the newspaper of the Department of Communications. |
| 246 | 10|aCommunications express |
| 264 | 1|a[Ottawa] : |bGovernment of Canada, Department of Communications, Program Evaluation Division, |cJune 1990. |
| 300 | |a1 online resource (iv, 27 pages). |
| 336 | |atext|btxt|2rdacontent |
| 337 | |acomputer|bc|2rdamedia |
| 338 | |aonline resource|bcr|2rdacarrier |
| 490 | 1 |aSpecial Study |
| 490 | 0 |aDOC program evaluation series |
| 500 | |aDigitized edition from print [produced by Innovation, Science and Economic Development Canada]. |
| 500 | |aIncludes summary in French. |
| 650 | 0|aCommunication surveys|zCanada. |
| 650 | 5|aCanadian newspapers. |
| 650 | 6|aCommunication|xEnquêtes|zCanada. |
| 650 | 5|aJournaux canadiens. |
| 710 | 1 |aCanada. |bDepartment of Communications, |eissuing body. |
| 710 | 1 |aCanada. |bDepartment of Communications. |bProgram Evaluation Division, |eissuing body. |
| 830 | #0|aSpecial study (Canada. Communications Canada. Program Evaluation Division)|w(CaOODSP)9.939896 |
| 856 | 40|qPDF|s1.00 MB|uhttps://publications.gc.ca/collections/collection_2025/isde-ised/co24/Co24-3-10-6-1990-eng.pdf |